• 首页
  • 本馆介绍
  • 公告通知
  • 最新文献
  • 馆藏检索
  • 电子资源
  • 读者导购
  • 参考咨询
  • 我的图书馆
  • 登录
  • 详细信息显示
  • 放入我的书架
  • 预约/预借图书
  • 作者相关作品
  • 分类相关作品
  • 丛书相关作品
  • 出版社相关作品

书目信息

  • 表格格式
  • 工作单格式
  • 卡片格式
题名:
常用算法及应用程序
    
 
作者: ;中国科学院成都计算机应用研究所第四研究室 编
分册:  
出版信息: 重庆   科学技术文献出版社重庆分社  1984
页数: 272页
开本: 19cm
丛书名:
单 册:
中图分类: TP317 , TN31
科图分类:
主题词: 算法-应用程序 , 应用程序-算法 , 半导体二极管
电子资源:
ISBN:
000 00870nam0 2200277 45
001 0184010938
005 20040519104130.5
010    @dCNY0.90
091    @a15176.570
100    @a19950705d1984 em y0chiy0121 ea
101 0  @achi
102    @aCN@b510000
105    @ay z 000yy
106    @ar
200 10 @a常用算法及应用程序@Achang yong suan fa ji ying yong cheng xu@f中国科学院成都计算机应用研究所第四研究室编
210    @a重庆@c科学技术文献出版社重庆分社@d1984
215    @a272页@d19cm
606    @a算法-应用程序
606    @a应用程序-算法
606 0  @a半导体二极管
690    @aTP317@v3
690    @aTN31
711 02 @a中国科学院成都计算机应用研究所第四研究室@Azhong guo ke xue yuan cheng du ji suan ji ying yong yan jiu suo di si yan jiu shi@4编
801  0 @aCN@b上海图书馆@c20040519
801  2 @aCN@bNLC@c20040519
905    @f1@b111727@dTN31@e10
    
    常用算法及应用程序/中国科学院成都计算机应用研究所第四研究室编.-重庆:科学技术文献出版社重庆分社,1984
    272页;19cm
    
    
    ISBN :CNY0.90
    
●
相关链接 在E读中查询图书 在五车中查询图书 在当当中查询图书 在豆瓣中查询图书


正题名:常用算法及应用程序     索取号:TN31/10         预约/预借

序号 登录号 条形码 馆藏地/架位号 状态 备注
1 0111727   001351771   第三借阅区/ [索取号:TN31/10] 在馆    
唐山师范学院图书馆 欢迎您!
大连网信软件有限公司© 版权所有